[Event "Whitsun Grandmasters GM 2014"]
[Site "Copenhagen"]
[Date "2014.06.03"]
[Round "1"]
[White "Bekker Jensen, Simon"]
[Black "Korley, Kassa"]
[Result "1-0"]
[WhiteElo "2435"]
[BlackElo "2412"]
[PlyCount "77"]
[EventDate "2014.??.??"]

1. d4 Nf6 2. c4 e6 3. Nc3 d5 4. cxd5 exd5 5. Bg5 Bb4 6. Nf3 h6 7. Bh4 g5 8. Bg3
Ne4 9. Nd2 Nxg3 10. hxg3 c6 11. e3 Nd7 12. Qb3 Qb6 13. Bd3 Nf6 14. Nf3 g4 15.
Nh4 Be6 16. O-O Be7 17. Qc2 O-O-O 18. Na4 Qc7 19. Nc5 Rhg8 20. b4 Nh5 21. Bf5
Ng7 22. Bh7 Rge8 23. Rac1 Kb8 24. b5 Bc8 25. bxc6 Qxc6 26. Bd3 Qd6 27. Nf5 Nxf5
28. Bxf5 b6 29. Bxc8 Rxc8 30. Qb3 h5 31. Qb5 h4 32. Na6+ Kb7 33. gxh4 Bxh4 34.
Nb4 g3 35. fxg3 Bxg3 36. Rxf7+ Ka8 37. Rc6 Rf8 38. Qa6 Qb8 39. Rxc8 1-0

[Event "Whitsun Grandmasters GM 2014"]
[Site "Copenhagen"]
[Date "2014.06.03"]
[Round "1"]
[White "Ziska, Helgi Dam"]
[Black "Bromann, Thorbjorn"]
[Result "1/2-1/2"]
[WhiteElo "2499"]
[BlackElo "2413"]
[PlyCount "100"]
[EventDate "2014.??.??"]

1. e4 e6 2. Qe2 Be7 3. Nf3 d5 4. d3 Nf6 5. g3 c5 6. Bg2 Nc6 7. O-O b5 8. e5 Nd7
9. h4 a5 10. h5 b4 11. Bf4 Ba6 12. Nbd2 c4 13. dxc4 Nb6 14. b3 Rc8 15. Rfd1 Qc7
16. Qe1 O-O 17. cxd5 Nxd5 18. Ne4 Nxf4 19. gxf4 h6 20. Bf1 Bb7 21. Nd6 Bxd6 22.
exd6 Qd8 23. Qe3 Qf6 24. Bg2 Qf5 25. d7 Rcd8 26. Rd2 Qxh5 27. Ne5 Nxe5 28. fxe5
Bxg2 29. Kxg2 Qg4+ 30. Qg3 Qe4+ 31. Kh2 f6 32. exf6 Rxf6 33. Rg1 g5 34. Qe3
Qxe3 35. fxe3 Rf3 36. Rg3 Rf7 37. Rd6 Re7 38. Ra6 Rdxd7 39. Rxa5 Rd2+ 40. Rg2
Rxg2+ 41. Kxg2 Rc7 42. Kf3 Rxc2 43. Ra7 Kf8 44. Rh7 Rh2 45. Kg3 Rxa2 46. Rxh6
Rb2 47. Rxe6 Rxb3 48. Kg4 Kf7 49. Rb6 Rxe3 50. Rxb4 Re5 1/2-1/2

[Event "Whitsun Grandmasters GM 2014"]
[Site "Copenhagen"]
[Date "2014.06.03"]
[Round "1"]
[White "Rusev, Krasimir"]
[Black "Brynell, Stellan"]
[Result "1-0"]
[WhiteElo "2540"]
[BlackElo "2463"]
[PlyCount "91"]
[EventDate "2014.??.??"]

1. Nf3 Nf6 2. c4 e6 3. g3 b6 4. Bg2 Bb7 5. O-O Be7 6. b3 O-O 7. Bb2 d5 8. e3
Nbd7 9. Qe2 a5 10. Nc3 a4 11. Nxa4 dxc4 12. Qxc4 Ba6 13. Qc2 Bxf1 14. Rxf1 c5
15. Ne5 Rc8 16. Nc6 Qe8 17. Na7 Rb8 18. Nc6 Rc8 19. Na7 Rb8 20. Nc3 Ne5 21.
Ncb5 Ng6 22. h4 h5 23. a4 Ng4 24. d4 f5 25. Qc4 Qf7 26. Nc6 cxd4 27. Nbxd4 N6e5
28. Qxe6 Nxc6 29. Qxf7+ Kxf7 30. Nxc6 Rbc8 31. Bd5+ Ke8 32. Bxg7 Rf7 33. Bd4
Rh7 34. Bxb6 Rh6 35. Nxe7 Kxe7 36. a5 Rc2 37. b4 Nf6 38. Bf3 Ne4 39. Bxe4 fxe4
40. Bd4 Ra2 41. Ra1 Rxa1+ 42. Bxa1 Rc6 43. Bd4 Kd7 44. Kg2 Kc7 45. b5 Rc2 46.
a6 1-0

[Event "Whitsun Grandmasters GM 2014"]
[Site "Copenhagen"]
[Date "2014.06.03"]
[Round "1"]
[White "Hector, Jonny"]
[Black "Aabling Thomsen, Jakob"]
[Result "1-0"]
[WhiteElo "2505"]
[BlackElo "2341"]
[PlyCount "71"]
[EventDate "2014.??.??"]

1. e4 c5 2. Nf3 Nc6 3. Nc3 g6 4. Bc4 Bg7 5. O-O d6 6. h3 Nf6 7. a3 O-O 8. d3 a6
9. Be3 b5 10. Ba2 Bb7 11. Qd2 Rc8 12. Rae1 Qa5 13. Bh6 Nd4 14. Nh4 b4 15. Nd1
Bxh6 16. Qxh6 Nxc2 17. Ne3 Nxe3 18. fxe3 c4 19. Nf5 gxf5 20. Rxf5 Rc5 21. axb4
Qxb4 22. Ref1 Bc8 23. R5f3 Qxb2 24. Rg3+ Ng4 25. d4 Ra5 26. Bxc4 Ra1 27. hxg4
Rxf1+ 28. Bxf1 Qc2 29. Qg5+ Kh8 30. Qxe7 Rg8 31. Rf3 Rg7 32. Rxf7 Rxf7 33. Qxf7
h6 34. g5 hxg5 35. Bc4 d5 36. Bxd5 1-0

[Event "Whitsun Grandmasters GM 2014"]
[Site "Copenhagen"]
[Date "2014.06.03"]
[Round "1"]
[White "Ris, Robert"]
[Black "Smith, Axel"]
[Result "1/2-1/2"]
[WhiteElo "2407"]
[BlackElo "2481"]
[PlyCount "134"]
[EventDate "2014.??.??"]

1. d4 d5 2. c4 c6 3. Nf3 Nf6 4. g3 dxc4 5. Bg2 g6 6. O-O Bg7 7. a4 O-O 8. Na3
Ne4 9. Nxc4 Be6 10. Qc2 Na6 11. b3 Bf5 12. Qb2 Nb4 13. Ne3 Be6 14. Ne5 Nd6 15.
Bd2 Nd5 16. N3c4 Nxc4 17. bxc4 Nb6 18. Rfd1 Nxc4 19. Qxb7 Nxe5 20. dxe5 Rb8 21.
Qxa7 Bb3 22. Ba5 Qxd1+ 23. Rxd1 Bxd1 24. Bxc6 Rb1 25. Kg2 Bxe2 26. Qxe7 Bf1+
27. Kf3 Rb3+ 28. Kg4 Bc4 29. Kh3 Be6+ 30. Kg2 Rc8 31. Bd7 Bd5+ 32. Kh3 Rb7 33.
e6 Bxe6+ 34. Qxe6 fxe6 35. Bxe6+ Kh8 36. Bxc8 Ra7 37. Bb6 Rxa4 38. Kg2 Rc4 39.
Bd7 Be5 40. h4 Kg7 41. Be3 Kf7 42. Bb5 Rc7 43. Ba4 Rc3 44. Bd7 h5 45. Bb5 Kf6
46. Bd7 Rc4 47. Bg5+ Kf7 48. Be3 Bd4 49. Bb5 Rb4 50. Bxd4 Rxb5 51. Be3 Ke6 52.
Bf4 Kf5 53. Be3 Ke4 54. Bh6 Rb3 55. Be3 Rxe3 56. fxe3 Kxe3 57. g4 Kf4 58. gxh5
gxh5 59. Kh3 Kf3 60. Kh2 Kg4 61. Kg2 Kxh4 62. Kh2 Kg4 63. Kg2 h4 64. Kh2 h3 65.
Kh1 Kg3 66. Kg1 h2+ 67. Kh1 Kh3 1/2-1/2

[Event "Whitsun Grandmasters GM 2014"]
[Site "Copenhagen"]
[Date "2014.06.04"]
[Round "2"]
[White "Brynell, Stellan"]
[Black "Hector, Jonny"]
[Result "1/2-1/2"]
[WhiteElo "2463"]
[BlackElo "2505"]
[PlyCount "178"]
[EventDate "2014.??.??"]

1. d4 d5 2. c4 c6 3. Nc3 Nf6 4. Nf3 dxc4 5. a4 Bf5 6. Ne5 Nbd7 7. Nxc4 Qc7 8.
g3 e5 9. dxe5 Nxe5 10. Bf4 Nfd7 11. Bg2 f6 12. O-O g5 13. Nxe5 gxf4 14. Nxd7
Qxd7 15. Qc1 Bd6 16. a5 a6 17. Na4 Qe7 18. Nb6 Rd8 19. Nc4 Bb8 20. Ra3 O-O 21.
e3 fxg3 22. hxg3 Qb4 23. Qc3 Qxc3 24. Rxc3 Rf7 25. Rfc1 h5 26. Bf3 Rh7 27. Rd1
Rxd1+ 28. Bxd1 h4 29. gxh4 Rxh4 30. Bc2 Bh3 31. f4 Be6 32. Bb3 Kf8 33. Nd2 Bc8
34. Bd1 Ke7 35. Ne4 Rh8 36. Bf3 Rd8 37. Rc2 Rd3 38. Rh2 Ba7 39. Rh7+ Kd8 40.
Kg2 Bxe3 41. Be2 Rd4 42. Kf3 Bc1 43. b3 Bf5 44. Rh8+ Kc7 45. Nxf6 Rxf4+ 46. Kg3
Rd4 47. Ne8+ Kd7 48. Ng7 Bf4+ 49. Kf2 Be5 50. Nxf5 Bxh8 51. Nxd4 Bxd4+ 52. Ke1
Bc3+ 53. Kd1 Kd6 54. Kc2 Bxa5 55. Bg4 Be1 56. Bc8 Kc7 57. Bg4 a5 58. Bf5 Kd6
59. Bc8 b6 60. Bg4 Kc5 61. Bd7 Bh4 62. Kb2 Bf6+ 63. Ka3 Bc3 64. Be8 Bd2 65. Bd7
Bc1+ 66. Ka2 Kd5 67. Be8 Kd6 68. Kb1 Bg5 69. Ka2 Kd5 70. Ka3 Be7+ 71. Ka2 b5
72. Kb2 Kc5 73. Ka2 Bf6 74. Ka3 Kb6 75. Ka2 c5 76. Bf7 a4 77. bxa4 bxa4 78. Be6
Kb5 79. Ka3 Be7 80. Bg4 Ka5 81. Be6 c4+ 82. Kb2 Kb4 83. Bf5 a3+ 84. Ka2 Kc3 85.
Bg6 Kd2 86. Bh7 Kc1 87. Bg6 c3 88. Kb3 Kd2 89. Bh7 Bb4 1/2-1/2

[Event "Whitsun Grandmasters GM 2014"]
[Site "Copenhagen"]
[Date "2014.06.04"]
[Round "2"]
[White "Bromann, Thorbjorn"]
[Black "Rusev, Krasimir"]
[Result "1/2-1/2"]
[WhiteElo "2413"]
[BlackElo "2540"]
[PlyCount "86"]
[EventDate "2014.??.??"]

1. d4 Nf6 2. Bg5 e6 3. e4 h6 4. Bxf6 Qxf6 5. c3 d6 6. Bd3 Qg5 7. g3 e5 8. Ne2
h5 9. Nd2 g6 10. f4 Qe7 11. Qb3 Bg7 12. O-O-O Nd7 13. Nf3 Nb6 14. Rhf1 O-O 15.
Qa3 exd4 16. cxd4 Bh3 17. Rfe1 c5 18. e5 Bg4 19. Ng5 cxd4 20. exd6 Qd7 21. h3
Bf5 22. Bxf5 Qxf5 23. Qd3 Qd5 24. Kb1 Rfe8 25. Nf3 Rad8 26. Nexd4 Rxe1 27. Nxe1
Rxd6 28. Ndc2 Qxd3 29. Rxd3 Nc4 30. b3 Rxd3 31. Nxd3 Nd6 32. g4 hxg4 33. hxg4
f5 34. gxf5 gxf5 35. Ne3 Bd4 36. Nc2 Bb6 37. Ncb4 Kf7 38. Nd5 Bd8 39. Ne3 Kg6
40. Ne5+ Kh5 41. Kc2 Kh4 42. N5c4 Nxc4 43. bxc4 Bc7 1/2-1/2

[Event "Whitsun Grandmasters GM 2014"]
[Site "Copenhagen"]
[Date "2014.06.04"]
[Round "2"]
[White "Korley, Kassa"]
[Black "Smith, Axel"]
[Result "1/2-1/2"]
[WhiteElo "2412"]
[BlackElo "2481"]
[PlyCount "90"]
[EventDate "2014.??.??"]

1. Nf3 d5 2. g3 Nc6 3. d4 Bf5 4. Bg2 e6 5. c3 Nf6 6. Nh4 Bg4 7. h3 Bh5 8. g4
Ne4 9. Bxe4 Qxh4 10. Bg2 Bg6 11. Nd2 Qe7 12. e4 h5 13. exd5 exd5+ 14. Qe2 O-O-O
15. Qxe7 Bxe7 16. Nf1 Rhe8 17. Be3 f5 18. gxf5 Bxf5 19. Ng3 Bg6 20. h4 Rf8 21.
Kd2 Bf6 22. Ne2 Ne7 23. Nf4 Bf7 24. Nd3 Be6 25. Bg5 Bf5 26. Bxf6 Rxf6 27. Bh3
Bxh3 28. Rxh3 Ng6 29. Rg1 Rdf8 30. Rg5 Nf4 31. Nxf4 Rxf4 32. f3 Rxf3 33. Rxf3
Rxf3 34. Rxh5 Rh3 35. Rg5 Rxh4 36. Rxg7 Rh2+ 37. Kc1 a5 38. a4 Kb8 39. Kb1 c6
40. Ka2 Ka7 41. Kb3 Ka6 42. Rc7 Kb6 43. Rd7 Ka6 44. Rc7 Kb6 45. Rd7 Ka6 1/2-1/2

[Event "Whitsun Grandmasters GM 2014"]
[Site "Copenhagen"]
[Date "2014.06.04"]
[Round "2"]
[White "Aabling Thomsen, Jakob"]
[Black "Ris, Robert"]
[Result "1/2-1/2"]
[WhiteElo "2341"]
[BlackElo "2407"]
[PlyCount "60"]
[EventDate "2014.??.??"]

1. e4 e5 2. Nf3 Nc6 3. Bc4 Nf6 4. Qe2 Bc5 5. c3 O-O 6. d3 a6 7. Bb3 d5 8. Bg5
dxe4 9. dxe4 h6 10. Bh4 Qe7 11. Nbd2 Be6 12. O-O Ba7 13. Nc4 Rad8 14. Rad1 g5
15. Bg3 Nh5 16. Ne3 Nf4 17. Bxf4 exf4 18. Nd5 Bxd5 19. Rxd5 g4 20. Nd4 Bxd4 21.
cxd4 Rxd5 22. Bxd5 Nxd4 23. Qxg4+ Kh7 24. Rd1 c5 25. Kh1 Qe5 26. Qd7 Qh5 27.
Rg1 Nf3 28. gxf3 Qxf3+ 29. Rg2 Qd1+ 30. Rg1 Qf3+ 1/2-1/2

[Event "Whitsun Grandmasters GM 2014"]
[Site "Copenhagen"]
[Date "2014.06.04"]
[Round "3"]
[White "Rusev, Krasimir"]
[Black "Bekker Jensen, Simon"]
[Result "1-0"]
[WhiteElo "2540"]
[BlackElo "2435"]
[PlyCount "69"]
[EventDate "2014.??.??"]

1. d4 Nf6 2. Nf3 d5 3. c4 e6 4. e3 c5 5. cxd5 exd5 6. Bb5+ Bd7 7. Bxd7+ Nbxd7
8. dxc5 Nxc5 9. O-O Be7 10. Bd2 O-O 11. Bc3 Nfe4 12. Bd4 Ne6 13. Qb3 Nxd4 14.
Nxd4 Qd7 15. Nc3 Nxc3 16. Qxc3 Rac8 17. Qd3 Bf6 18. Rad1 Qa4 19. Qb1 Rfd8 20.
g3 g6 21. b3 Qa5 22. Rd3 Rc7 23. Ne2 Rdc8 24. Nf4 d4 25. e4 Rc2 26. Nd5 Bg5 27.
h4 Bd8 28. a4 f5 29. Rxd4 Qc5 30. Qd1 Bb6 31. Nxb6 Qxb6 32. exf5 gxf5 33. Rd7
Qe6 34. Re1 Qf6 35. Qd5+ 1-0

[Event "Whitsun Grandmasters GM 2014"]
[Site "Copenhagen"]
[Date "2014.06.04"]
[Round "3"]
[White "Ziska, Helgi Dam"]
[Black "Korley, Kassa"]
[Result "1-0"]
[WhiteElo "2499"]
[BlackElo "2412"]
[PlyCount "109"]
[EventDate "2014.??.??"]

1. e4 e5 2. Nf3 Nc6 3. Bb5 Nf6 4. O-O Nxe4 5. Qe2 Nd6 6. Bxc6 dxc6 7. Qxe5+ Qe7
8. Qa5 Qd8 9. Qc3 Qf6 10. Re1+ Be7 11. Qxf6 gxf6 12. d3 Bg4 13. Nbd2 Rg8 14. b3
Kd7 15. Bb2 Rae8 16. Kf1 Kc8 17. h3 Bd7 18. Ne4 Nxe4 19. Rxe4 f5 20. Rf4 c5 21.
Re1 h6 22. Ne5 Be6 23. Ra4 Bd5 24. Nf3 a6 25. Bc1 h5 26. Rf4 Be6 27. Ba3 b6 28.
d4 Kb7 29. dxc5 bxc5 30. c4 a5 31. Re2 a4 32. Ne5 axb3 33. axb3 Bd6 34. Bb2 Ra8
35. Rh4 Ra2 36. Nd3 Kc6 37. Nc1 Ra7 38. Rxh5 Rb8 39. Rh8 Rb6 40. g3 f4 41. Kg2
fxg3 42. fxg3 Rab7 43. Be5 Ra6 44. Bf6 Ra3 45. Rg8 Bf5 46. Rg5 Bd7 47. h4 Rb8
48. h5 Raa8 49. Ra2 Rxa2+ 50. Nxa2 Bf8 51. Rg8 Re8 52. Nc3 Re6 53. Rxf8 Rxf6
54. Nd5 Rh6 55. Rxf7 1-0

[Event "Whitsun Grandmasters GM 2014"]
[Site "Copenhagen"]
[Date "2014.06.04"]
[Round "3"]
[White "Hector, Jonny"]
[Black "Bromann, Thorbjorn"]
[Result "1-0"]
[WhiteElo "2505"]
[BlackElo "2413"]
[PlyCount "57"]
[EventDate "2014.??.??"]

1. e4 e6 2. d4 d5 3. Nc3 Nf6 4. Bg5 dxe4 5. Nxe4 Nbd7 6. Nf3 h6 7. Nxf6+ Nxf6
8. Bh4 c5 9. Bc4 cxd4 10. O-O Be7 11. Qe2 O-O 12. Rad1 Qb6 13. Ne5 Nd5 14. Bxd5
Bxh4 15. Bb3 Bf6 16. Rd3 a5 17. a4 Qc5 18. Ng4 Be7 19. c3 dxc3 20. Rxc3 Qb4 21.
Bc2 Rd8 22. Ne5 Bf6 23. Rd3 Rxd3 24. Qxd3 Qb6 25. Rd1 Kf8 26. Ng4 Bg5 27. Qh7
f5 28. Ne5 Bf6 29. Rd7 1-0

[Event "Whitsun Grandmasters GM 2014"]
[Site "Copenhagen"]
[Date "2014.06.04"]
[Round "3"]
[White "Ris, Robert"]
[Black "Brynell, Stellan"]
[Result "1/2-1/2"]
[WhiteElo "2407"]
[BlackElo "2463"]
[PlyCount "83"]
[EventDate "2014.??.??"]

1. d4 e6 2. c4 Nf6 3. Nc3 Bb4 4. g3 O-O 5. Bg2 d5 6. Nf3 dxc4 7. O-O Nc6 8. a3
Bd6 9. Qa4 e5 10. d5 Ne7 11. Qxc4 h6 12. Rd1 a6 13. e4 Ng6 14. h3 Nh7 15. Be3
Ng5 16. h4 Nxf3+ 17. Bxf3 Ne7 18. Rd2 Bd7 19. Re1 Nc8 20. Qe2 Nb6 21. Kg2 Qe7
22. Rc2 Na4 23. Bg4 Nxc3 24. Rxc3 Ba4 25. Bf5 Bd7 26. Qf3 Rac8 27. Rh1 c6 28.
Rhc1 Rc7 29. Bb6 Rcc8 30. b4 Rfe8 31. Bxd7 Qxd7 32. dxc6 Rxc6 33. Rxc6 bxc6 34.
Qd3 Re6 35. Qxa6 Be7 36. Qe2 Rd6 37. Qc4 Bxh4 38. gxh4 Qg4+ 39. Kf1 Rd1+ 40.
Rxd1 Qxd1+ 41. Kg2 Qg4+ 42. Kf1 1/2-1/2

[Event "Whitsun Grandmasters GM 2014"]
[Site "Copenhagen"]
[Date "2014.06.04"]
[Round "3"]
[White "Smith, Axel"]
[Black "Aabling Thomsen, Jakob"]
[Result "1-0"]
[WhiteElo "2481"]
[BlackElo "2341"]
[PlyCount "95"]
[EventDate "2014.??.??"]

1. e4 d6 2. d4 Nf6 3. Nc3 g6 4. f4 Bg7 5. Nf3 c5 6. Bb5+ Bd7 7. e5 Ng4 8. Bxd7+
Qxd7 9. h3 cxd4 10. Qxd4 Nc6 11. Qd3 Nh6 12. Be3 O-O-O 13. O-O-O Nf5 14. g4
Nxe3 15. Qxe3 Kb8 16. Ng5 Qe8 17. e6 f5 18. Nd5 Rc8 19. Kb1 Na5 20. b3 Qb5 21.
a4 Qe8 22. Rd3 b5 23. Qd2 Nb7 24. axb5 Qxb5 25. Qb4 Qe8 26. gxf5 gxf5 27. Nf7
Rf8 28. Re1 Rc5 29. c4 Ra5 30. Rg3 Bd4 31. Rd3 Bg7 32. Rg3 Rg8 33. Reg1 Ra1+
34. Kc2 Rxg1 35. Rxg1 Bd4 36. Rxg8 Qxg8 37. Qd2 Qg1 38. Nxe7 Be3 39. Qd1 Qg2+
40. Kc3 Bxf4 41. Nd5 Qg7+ 42. Kb4 Bg3 43. Qg1 Nc5 44. e7 Qxf7 45. Qxg3 f4 46.
Qc3 Qe8 47. Qf6 a5+ 48. Ka3 1-0

[Event "Whitsun Grandmasters GM 2014"]
[Site "Copenhagen"]
[Date "2014.06.05"]
[Round "4"]
[White "Bekker Jensen, Simon"]
[Black "Hector, Jonny"]
[Result "1-0"]
[WhiteElo "2435"]
[BlackElo "2505"]
[PlyCount "123"]
[EventDate "2014.??.??"]

1. d4 d5 2. c4 c6 3. Nf3 Nf6 4. Nc3 dxc4 5. a4 Bf5 6. Ne5 Na6 7. e3 Nd7 8. Nxc4
e5 9. Nxe5 Nxe5 10. Bxa6 bxa6 11. dxe5 Qxd1+ 12. Nxd1 Bb4+ 13. Bd2 Bxd2+ 14.
Kxd2 O-O-O+ 15. Ke2 Bd3+ 16. Kf3 Rhe8 17. Nc3 Rxe5 18. Rad1 c5 19. Rd2 Rd6 20.
g4 c4 21. Rhd1 Rb6 22. Ne2 g5 23. Nd4 Rd5 24. Rc1 Kb7 25. Rc3 h5 26. gxh5 g4+
27. Kxg4 Rh6 28. b3 Rdxh5 29. Nf3 Rd5 30. h4 Rg6+ 31. Kh3 Bf5+ 32. Kh2 Be4 33.
Rxd5 Bxd5 34. e4 Bxe4 35. Ng5 Bd5 36. bxc4 Bc6 37. a5 f6 38. Ne6 Rg2+ 39. Kh3
Rxf2 40. Nd8+ Kc7 41. Nxc6 Kxc6 42. c5 Ra2 43. h5 Rxa5 44. h6 Rb5 45. Kg4 Rb4+
46. Kh5 Rb1 47. Rc4 f5 48. Kg5 Kd5 49. h7 Rb8 50. Rc1 Kc6 51. Kxf5 a5 52. Kg6
a6 53. Rc4 Ra8 54. Kh6 a4 55. Rg4 Re8 56. Rxa4 Kb5 57. Ra1 Rc8 58. Rg1 Kb4 59.
Rg8 Rc6+ 60. Rg6 Rc8 61. c6 a5 62. c7 1-0

[Event "Whitsun Grandmasters GM 2014"]
[Site "Copenhagen"]
[Date "2014.06.05"]
[Round "4"]
[White "Ziska, Helgi Dam"]
[Black "Rusev, Krasimir"]
[Result "0-1"]
[WhiteElo "2499"]
[BlackElo "2540"]
[PlyCount "54"]
[EventDate "2014.??.??"]

1. e4 e6 2. d3 c5 3. Nf3 Nc6 4. g3 g6 5. Bg5 Qb6 6. Qc1 Bg7 7. c3 h6 8. Be3 d5
9. Nbd2 d4 10. Nc4 Qd8 11. Bf4 g5 12. Bd2 b5 13. Na3 Qb6 14. Nc2 Nge7 15. cxd4
cxd4 16. Nb4 Bd7 17. Nxc6 Nxc6 18. h4 g4 19. Nh2 h5 20. f4 a5 21. Bg2 b4 22.
Kf2 Qa6 23. a3 bxa3 24. Rxa3 Bf8 25. Ke2 Bxa3 26. bxa3 Rb8 27. Qc5 Rb3 0-1

[Event "Whitsun Grandmasters GM 2014"]
[Site "Copenhagen"]
[Date "2014.06.05"]
[Round "4"]
[White "Bromann, Thorbjorn"]
[Black "Ris, Robert"]
[Result "0-1"]
[WhiteElo "2413"]
[BlackElo "2407"]
[PlyCount "50"]
[EventDate "2014.??.??"]

1. b3 e5 2. Bb2 Nc6 3. e3 Nf6 4. Bb5 Bd6 5. Na3 e4 6. Nc4 Be7 7. Bxc6 dxc6 8.
Ne2 O-O 9. O-O Bg4 10. d3 Qd5 11. h3 Qh5 12. Re1 Be6 13. Nf4 Qf5 14. Nxe6 fxe6
15. Qe2 Rad8 16. Rad1 Bb4 17. Rf1 Rd5 18. a3 Bd6 19. dxe4 Nxe4 20. Nd2 Ng5 21.
h4 Qxc2 22. Ba1 Nf3+ 23. gxf3 Qg6+ 24. Kh1 Rh5 25. Qc4 Bf4 0-1

[Event "Whitsun Grandmasters GM 2014"]
[Site "Copenhagen"]
[Date "2014.06.05"]
[Round "4"]
[White "Brynell, Stellan"]
[Black "Smith, Axel"]
[Result "1/2-1/2"]
[WhiteElo "2463"]
[BlackElo "2481"]
[PlyCount "84"]
[EventDate "2014.??.??"]

1. d4 d5 2. Bf4 Nf6 3. e3 g6 4. Nf3 Bg7 5. h3 O-O 6. Bd3 c5 7. c3 Nc6 8. Nbd2
Nd7 9. O-O e5 10. dxe5 Ndxe5 11. Be2 Qe7 12. Nxe5 Nxe5 13. Nf3 Rd8 14. Nxe5
Bxe5 15. Bxe5 Qxe5 16. Bf3 Bf5 17. Qb3 Rd7 18. Rfd1 Rad8 19. Qa4 b6 20. Rd2 d4
21. cxd4 cxd4 22. exd4 Rxd4 23. Rxd4 Qxd4 24. Qxd4 Rxd4 25. Rd1 Rxd1+ 26. Bxd1
Be6 27. a3 g5 28. Kh2 Kf8 29. Kg3 Ke7 30. h4 h6 31. hxg5 hxg5 32. f4 f6 33.
fxg5 fxg5 34. Kf2 Kd6 35. Ke3 Ke5 36. g3 Bf5 37. Bb3 a5 38. Bc4 Bb1 39. Bf7 Bh7
40. Bc4 Bb1 41. Bf7 Bh7 42. Bc4 Bb1 1/2-1/2

[Event "Whitsun Grandmasters GM 2014"]
[Site "Copenhagen"]
[Date "2014.06.05"]
[Round "4"]
[White "Korley, Kassa"]
[Black "Aabling Thomsen, Jakob"]
[Result "0-1"]
[WhiteElo "2412"]
[BlackElo "2341"]
[PlyCount "70"]
[EventDate "2014.??.??"]

1. Nf3 c5 2. g3 Nc6 3. Bg2 e5 4. O-O d5 5. d3 Be7 6. e4 d4 7. Nbd2 Bg4 8. h3
Be6 9. Nc4 Qc7 10. a4 h6 11. Nfd2 g5 12. Nb3 f6 13. c3 h5 14. cxd4 cxd4 15. Bd2
Qd7 16. Kh2 Rc8 17. a5 h4 18. Rh1 Nb4 19. Bxb4 Bxb4 20. Kg1 Ne7 21. Bf3 hxg3
22. fxg3 Bxc4 23. dxc4 Rxc4 24. Bh5+ Kd8 25. Bg4 Qc6 26. Qf3 Rf8 27. Rf1 f5 28.
Rh2 Kc7 29. exf5 e4 30. Qe2 d3 31. Qe3 Nd5 32. Qxg5 e3 33. Nd4 Rxd4 34. Qg7+
Kb8 35. Qxd4 e2 0-1

[Event "Whitsun Grandmasters GM 2014"]
[Site "Copenhagen"]
[Date "2014.06.05"]
[Round "5"]
[White "Rusev, Krasimir"]
[Black "Korley, Kassa"]
[Result "1-0"]
[WhiteElo "2540"]
[BlackElo "2412"]
[PlyCount "51"]
[EventDate "2014.??.??"]

1. d4 Nf6 2. Nf3 e6 3. c4 d5 4. g3 Be7 5. Bg2 O-O 6. O-O dxc4 7. Ne5 Nc6 8.
Bxc6 bxc6 9. Nxc6 Qe8 10. Nxe7+ Qxe7 11. Qc2 c5 12. Qxc4 cxd4 13. Qxd4 e5 14.
Qh4 Bb7 15. Bg5 Rad8 16. Nc3 Rd4 17. e4 Qe6 18. Bxf6 gxf6 19. Rfe1 Rd2 20. Re3
Rxb2 21. Rd1 f5 22. Rf3 f4 23. gxf4 exf4 24. Qxf4 f6 25. Rg3+ Kh8 26. Qc7 1-0

[Event "Whitsun Grandmasters GM 2014"]
[Site "Copenhagen"]
[Date "2014.06.05"]
[Round "5"]
[White "Hector, Jonny"]
[Black "Ziska, Helgi Dam"]
[Result "0-1"]
[WhiteElo "2505"]
[BlackElo "2499"]
[PlyCount "70"]
[EventDate "2014.??.??"]

1. e4 c5 2. Nf3 d6 3. d4 cxd4 4. Nxd4 Nf6 5. Nc3 a6 6. Bg5 e6 7. f4 Nc6 8. Nxc6
bxc6 9. e5 h6 10. Bh4 g5 11. fxg5 Nd5 12. Ne4 Qb6 13. c3 Rb8 14. Qf3 Be7 15.
Bd3 Qe3+ 16. Qxe3 Nxe3 17. Kd2 Nf5 18. Bf2 dxe5 19. Nf6+ Kd8 20. h4 Rxb2+ 21.
Bc2 Kc7 22. a4 Nd6 23. Kc1 Nc4 24. Rf1 hxg5 25. hxg5 Rd8 26. Rd1 Rg8 27. Rb1
Ra2 28. Rb3 Bxf6 29. gxf6 Rxg2 30. Rf1 Rxc2+ 31. Kxc2 Ne3+ 32. Kd3 Nxf1 33.
Bb6+ Kd6 34. Ra3 c5 35. Ra1 Rd2+ 0-1

[Event "Whitsun Grandmasters GM 2014"]
[Site "Copenhagen"]
[Date "2014.06.05"]
[Round "5"]
[White "Ris, Robert"]
[Black "Bekker Jensen, Simon"]
[Result "1/2-1/2"]
[WhiteElo "2407"]
[BlackElo "2435"]
[PlyCount "71"]
[EventDate "2014.??.??"]

1. d4 Nf6 2. c4 g6 3. g3 Bg7 4. Bg2 O-O 5. Nc3 d6 6. Nf3 c6 7. O-O Qa5 8. e4 e5
9. h3 Nbd7 10. Re1 exd4 11. Nxd4 Ne5 12. Bf1 Re8 13. Be3 c5 14. Nb3 Qb4 15. a3
Qb6 16. Nd2 Nc6 17. Rb1 Qd8 18. Bg2 Nd7 19. Nd5 a5 20. f4 Nb6 21. e5 Bf5 22.
Rc1 dxe5 23. Bxc5 Nd7 24. Bf2 exf4 25. Rxe8+ Qxe8 26. g4 Bd3 27. Nxf4 Nde5 28.
Rc3 Rd8 29. Bd5 Nxc4 30. Bxc6 bxc6 31. Rxd3 Nxb2 32. Rxd8 Qxd8 33. Qc2 Qd6 34.
Nc4 Qxf4 35. Nxb2 Be5 36. Kf1 1/2-1/2

[Event "Whitsun Grandmasters GM 2014"]
[Site "Copenhagen"]
[Date "2014.06.05"]
[Round "5"]
[White "Smith, Axel"]
[Black "Bromann, Thorbjorn"]
[Result "0-1"]
[WhiteElo "2481"]
[BlackElo "2413"]
[PlyCount "46"]
[EventDate "2014.??.??"]

1. e4 e6 2. d4 d5 3. Nc3 Nf6 4. Bg5 dxe4 5. Nxe4 Nbd7 6. Nf3 h6 7. Nxf6+ Nxf6
8. Bh4 c5 9. Bd3 cxd4 10. O-O Bc5 11. Qe2 O-O 12. Rfd1 Bd7 13. Qe5 Be7 14. Nxd4
Ng4 15. Qe4 f5 16. Nxf5 Bxh4 17. Nxg7 Bxf2+ 18. Kh1 Rf7 19. Nxe6 Qh4 20. h3 Qg3
21. Qg6+ Kh8 22. Qxf7 Qxh3+ 23. gxh3 Bc6+ 0-1

[Event "Whitsun Grandmasters GM 2014"]
[Site "Copenhagen"]
[Date "2014.06.05"]
[Round "5"]
[White "Aabling Thomsen, Jakob"]
[Black "Brynell, Stellan"]
[Result "1/2-1/2"]
[WhiteElo "2341"]
[BlackElo "2463"]
[PlyCount "80"]
[EventDate "2014.??.??"]

1. e4 e6 2. d3 d5 3. Qe2 dxe4 4. dxe4 e5 5. Nf3 Nd7 6. Nbd2 c6 7. g3 Ngf6 8.
Bg2 Be7 9. b3 O-O 10. Bb2 Qc7 11. O-O Re8 12. Rfd1 Bc5 13. h3 b6 14. Nf1 a5 15.
Nh4 Bf8 16. Nf5 Nc5 17. Nd2 Ba6 18. Qf3 Rad8 19. Ba3 Rd7 20. Bxc5 Bxc5 21. Nf1
Red8 22. Rxd7 Rxd7 23. Rd1 Rxd1 24. Qxd1 g6 25. Qd2 Ne8 26. Nh6+ Kg7 27. Ne3
Bxe3 28. Qxe3 Bc8 29. Bf1 Be6 30. Ng4 h5 31. Nh2 Qd8 32. Qc3 Qd6 33. Nf3 f6 34.
Nd2 Nc7 35. a4 Ne8 36. h4 Nc7 37. Kg2 Bf7 38. Nc4 Bxc4 39. Bxc4 Ne6 40. Bxe6
Qxe6 1/2-1/2

[Event "Whitsun Grandmasters GM 2014"]
[Site "Copenhagen"]
[Date "2014.06.06"]
[Round "6"]
[White "Bekker Jensen, Simon"]
[Black "Smith, Axel"]
[Result "1/2-1/2"]
[WhiteElo "2435"]
[BlackElo "2481"]
[PlyCount "111"]
[EventDate "2014.??.??"]

1. d4 Nf6 2. c4 g6 3. Nc3 d5 4. cxd5 Nxd5 5. Bd2 Bg7 6. e4 Nb6 7. Be3 O-O 8. h3
e5 9. Nf3 exd4 10. Bxd4 Bxd4 11. Qxd4 Be6 12. Be2 Nc6 13. Qc5 Nd7 14. Qe3 Nde5
15. Nxe5 Nxe5 16. b3 Qe7 17. O-O Rfd8 18. Rad1 a6 19. f4 Nc6 20. Bf3 Rxd1 21.
Rxd1 Rd8 22. Rxd8+ Qxd8 23. e5 Kg7 24. Na4 Bd5 25. Nc5 Bxf3 26. Qxf3 Qd4+ 27.
Qf2 Qd5 28. Nxb7 Nxe5 29. Qb2 Qxb7 30. Qxe5+ Kg8 31. Qe8+ Kg7 32. Qe5+ Kg8 33.
f5 gxf5 34. Qxf5 Qb6+ 35. Kh1 Qd6 36. Qe4 Qd1+ 37. Kh2 Qd6+ 38. Kg1 Qd1+ 39.
Kf2 Qd2+ 40. Qe2 Qf4+ 41. Kg1 Qd4+ 42. Qf2 Qd6 43. Kf1 Qe5 44. Qc2 Kf8 45. Kf2
h5 46. Kf3 Kg7 47. Qe2 Qf5+ 48. Ke3 Qe5+ 49. Kd3 Qb5+ 50. Kd2 Qd5+ 51. Kc3 Qc5+
52. Kb2 Qd5 53. Ka3 Qa5+ 54. Kb2 Qd5 55. Ka3 Qa5+ 56. Kb2 1/2-1/2

[Event "Whitsun Grandmasters GM 2014"]
[Site "Copenhagen"]
[Date "2014.06.06"]
[Round "6"]
[White "Ziska, Helgi Dam"]
[Black "Ris, Robert"]
[Result "1-0"]
[WhiteElo "2499"]
[BlackElo "2407"]
[PlyCount "89"]
[EventDate "2014.??.??"]

1. e4 e5 2. Nf3 Nc6 3. Bc4 Nf6 4. d3 h6 5. O-O d6 6. c3 g6 7. d4 Qe7 8. Bb5 Bd7
9. Re1 Bg7 10. b3 O-O 11. d5 Nb8 12. Bxd7 Nbxd7 13. c4 Kh7 14. Nc3 Ng8 15. Qc2
a6 16. Rb1 Rae8 17. b4 f5 18. exf5 gxf5 19. Nd4 exd4 20. Rxe7 Rxe7 21. Ne2 Rfe8
22. Ng3 Re1+ 23. Nf1 Ne5 24. Bf4 Rxb1 25. Qxf5+ Kh8 26. Qxb1 Nxc4 27. b5 Nf6
28. bxa6 bxa6 29. Qc1 Nxd5 30. Bxh6 Nc3 31. Qg5 Bxh6 32. Qxh6+ Kg8 33. Qg6+ Kf8
34. Qf6+ Kg8 35. Qg6+ Kf8 36. Qf6+ Kg8 37. f4 c5 38. Qg6+ Kf8 39. Qf6+ Kg8 40.
Qg6+ Kf8 41. h4 Re1 42. h5 Ne3 43. h6 Rxf1+ 44. Kh2 Rxf4 45. Qxd6+ 1-0